[Event "VL-2022/23"]
[Site "MVP"]
[Date "2023.03.19"]
[Round "7.8"]
[White "Junggebauer, Thomas"]
[Black "Glawe, Hartmut"]
[Result "1-0"]
[WhiteElo "1971"]
[BlackElo "2017"]
[PlyCount "39"]
[EventDate "2022.??.??"]
[EventType "team-tourn"]
[EventRounds "9"]
[EventCountry "GER"]
[WhiteTeam "GW Wismar"]
[BlackTeam "HSG Stralsund"]
[WhiteTeamCountry "GER"]
[BlackTeamCountry "GER"]

{[%evp 0,39,30,30,44,44,75,62,66,26,23,31,64,33,59,31,31,14,26,13,7,7,16,-30,-20,-26,-30,-12,44,-4,12,13,13,13,10,15,14,16,13,13,12,9]} 1. e4 c5 2. Nf3 d6 3. d4 cxd4 4. Nxd4 Nf6 5. Nc3 a6 6. Bc4 e6 7. Bb3 Be7 8. Bg5 Nc6 9. Qd2 h6 10. Be3 Ng4 11. O-O-O Nxe3 12. Qxe3 Qb6 13. Kb1 Bg5 14. Qd3 Qxd4 15. Qxd4 Nxd4 16. Rxd4 Be7 17. Na4 b5 18. Nb6 Rb8 19. Nxc8 Rxc8 20. a4 {Ergebnis nach Partieende: Remis Die Ergebnisse wurden durch den Staffelleiter geändert!} 1-0

[Event "VL-2022/23"]
[Site "MVP"]
[Date "2023.03.19"]
[Round "7.1"]
[White "Hornych, Christoph"]
[Black "Petrow, Jonas"]
[Result "1-0"]
[WhiteElo "2171"]
[BlackElo "1811"]
[PlyCount "69"]
[EventDate "2022.??.??"]
[EventType "team-tourn"]
[EventRounds "9"]
[EventCountry "GER"]
[WhiteTeam "SF Schwerin II"]
[BlackTeam "Makkabi Rostock"]
[WhiteTeamCountry "GER"]
[BlackTeamCountry "GER"]

1. e4 c5 2. Nf3 d6 3. d4 cxd4 4. Nxd4 Nf6 5. Nc3 a6 6. Bc4 e6 7. a4 Nbd7 8. O-O Nc5 9. Qe2 Be7 10. Bg5 Nfxe4 11. Nxe4 Bxg5 12. Nxg5 Qxg5 13. b4 d5 14. Nf3 Qf5 15. bxc5 dxc4 16. Qxc4 Bd7 17. Rfe1 Bc6 18. Ne5 Bd5 19. Qd3 Qg5 20. g3 O-O 21. c4 Bc6 22. f4 Qf6 23. Nxc6 bxc6 24. Qe4 Rab8 25. Rab1 Rb2 26. Rxb2 Qxb2 27. Rb1 Qa2 28. a5 h6 29. Rc1 Rd8 30. f5 exf5 31. Qxf5 g6 32. Qe4 Rd2 33. Rf1 f5 34. Qxc6 Qxc4 35. Qxg6+ 1-0

[Event "VL-2022/23"]
[Site "MVP"]
[Date "2023.03.19"]
[Round "7.2"]
[White "Schamber, Dennis"]
[Black "Kutschke, Peter"]
[Result "1/2-1/2"]
[WhiteElo "1714"]
[BlackElo "1993"]
[PlyCount "35"]
[EventDate "2022.??.??"]
[EventType "team-tourn"]
[EventRounds "9"]
[EventCountry "GER"]
[WhiteTeam "Makkabi Rostock"]
[BlackTeam "SF Schwerin II"]
[WhiteTeamCountry "GER"]
[BlackTeamCountry "GER"]

1. d4 d5 2. c4 Bf5 3. Nc3 e6 4. Nf3 c6 5. Bg5 Qb6 6. Qb3 dxc4 7. Qxb6 axb6 8. e4 Bg6 9. Bxc4 b5 10. Bd3 h6 11. Bh4 Nd7 12. O-O Ngf6 13. Ne5 Nxe5 14. dxe5 Nd7 15. f4 Bc5+ 16. Kh1 O-O 17. Ne2 Bh5 18. Ng3 1/2-1/2

[Event "VL-2022/23"]
[Site "MVP"]
[Date "2023.03.19"]
[Round "7.3"]
[White "Jung, Werner"]
[Black "Roeste, Hugo"]
[Result "1/2-1/2"]
[WhiteElo "2009"]
[BlackElo "1613"]
[PlyCount "94"]
[EventDate "2022.??.??"]
[EventType "team-tourn"]
[EventRounds "9"]
[EventCountry "GER"]
[WhiteTeam "SF Schwerin II"]
[BlackTeam "Makkabi Rostock"]
[WhiteTeamCountry "GER"]
[BlackTeamCountry "GER"]

1. e4 c5 2. Nf3 a6 3. d4 cxd4 4. Nxd4 Nf6 5. Nc3 e5 6. Nb3 Bb4 7. Bd2 O-O 8. f3 Nc6 9. a3 Bxc3 10. Bxc3 d5 11. exd5 Nxd5 12. Qd2 Bf5 13. Bd3 Bxd3 14. Qxd3 Nxc3 15. Qxc3 Rc8 16. Qd3 Qxd3 17. cxd3 Rfd8 18. Kd2 Rc7 19. Rac1 Rdc8 20. Rc3 Nd4 21. Nxd4 exd4 22. Rxc7 Rxc7 23. Re1 Kf8 24. Re4 Rd7 25. Kc2 f5 26. Re5 g6 27. Kb3 Kf7 28. Kc4 b5+ 29. Kc5 Rc7+ 30. Kxd4 Rc2 31. Rc5 Rxg2 32. Rc7+ Kf6 33. Rxh7 Rxb2 34. Ra7 Rxh2 35. f4 Rg2 36. Rxa6+ Ke7 37. Rb6 Ra2 38. Rxb5 Rxa3 39. Rb7+ Kf6 40. Rb6+ Kf7 41. Rc6 Ra4+ 42. Rc4 Ra5 43. Rc5 Ra4+ 44. Ke5 Ra7 45. Rc6 Ra5+ 46. Kd4 Ra4+ 47. Rc4 Ra5 1/2-1/2

[Event "VL-2022/23"]
[Site "MVP"]
[Date "2023.03.19"]
[Round "7.6"]
[White "Roeste, Stein"]
[Black "Voll, Andreas"]
[Result "1/2-1/2"]
[WhiteElo "1731"]
[BlackElo "1880"]
[PlyCount "39"]
[EventDate "2022.??.??"]
[EventType "team-tourn"]
[EventRounds "9"]
[EventCountry "GER"]
[WhiteTeam "Makkabi Rostock"]
[BlackTeam "SF Schwerin II"]
[WhiteTeamCountry "GER"]
[BlackTeamCountry "GER"]

1. d4 Nf6 2. c4 e6 3. a3 d5 4. Bg5 Be7 5. e3 O-O 6. Nf3 b6 7. Nc3 Bb7 8. Be2 Nbd7 9. O-O c5 10. Rc1 Rc8 11. Na2 Ne4 12. Bxe7 Qxe7 13. Nd2 Ndf6 14. Nxe4 Nxe4 15. f3 Nf6 16. b4 cxd4 17. Qxd4 dxc4 18. Bxc4 Rfd8 19. Qb2 h6 20. Bb3 1/2-1/2

[Event "VL-2022/23"]
[Site "MVP"]
[Date "2023.03.19"]
[Round "7.7"]
[White "Popp, Michael"]
[Black "Markovych, Leonid"]
[Result "1-0"]
[WhiteElo "1958"]
[BlackElo "1296"]
[PlyCount "65"]
[EventDate "2022.??.??"]
[EventType "team-tourn"]
[EventRounds "9"]
[EventCountry "GER"]
[WhiteTeam "SF Schwerin II"]
[BlackTeam "Makkabi Rostock"]
[WhiteTeamCountry "GER"]
[BlackTeamCountry "GER"]

1. e4 e6 2. d4 d5 3. e5 c5 4. c3 Nc6 5. Nf3 Qb6 6. a3 c4 7. Nbd2 Na5 8. Be2 Bd7 9. O-O Ne7 10. Rb1 Ng6 11. g3 Rc8 12. Qe1 Be7 13. Bd1 Nb3 14. Bc2 O-O 15. Kg2 Ba4 16. Nxb3 cxb3 17. Bd3 Bb5 18. Qe2 Bxd3 19. Qxd3 a5 20. h4 Rfd8 21. Bg5 Rd7 22. h5 Bxg5 23. hxg6 Bd8 24. gxh7+ Kh8 25. Rh1 Qc6 26. Qe3 Qc4 27. Ng5 Bxg5 28. Qxg5 Qe2 29. Rh4 Re8 30. Rg4 f6 31. exf6 Rf7 32. fxg7+ Kxh7 33. g8=Q+ 1-0

[Event "VL-2022/23"]
[Site "MVP"]
[Date "2023.03.19"]
[Round "7.1"]
[White "Schmidt, Peter"]
[Black "von Alvensleben, Wolfram"]
[Result "0-1"]
[WhiteElo "2109"]
[BlackElo "2243"]
[PlyCount "64"]
[EventDate "2022.??.??"]
[EventType "team-tourn"]
[EventRounds "9"]
[EventCountry "GER"]
[WhiteTeam "SSC Rostock"]
[BlackTeam "Guestrow/Teterow"]
[WhiteTeamCountry "GER"]
[BlackTeamCountry "GER"]

1. Nf3 Nf6 2. b3 d5 3. Bb2 Bf5 4. e3 e6 5. d3 h6 6. Nbd2 a5 7. a4 Nbd7 8. g3 Bb4 9. Bg2 O-O 10. O-O c6 11. Qe2 Bh7 12. e4 dxe4 13. dxe4 Qc7 14. c3 Be7 15. Nd4 Rfe8 16. Ba3 Bxa3 17. Rxa3 Nc5 18. f3 Red8 19. Rfa1 Rd7 20. Bh3 Rad8 21. Nc4 Bg6 22. Qf2 Nd3 23. Qe3 Ne5 24. Nxe5 Qxe5 25. Bf1 Nd5 26. Qe1 Nxc3 27. Qxc3 Rxd4 28. Qe1 Bh5 29. g4 Rd2 30. Qg3 Qc5+ 31. Kh1 Bg6 32. Re1 Qxa3 0-1

[Event "VL-2022/23"]
[Site "MVP"]
[Date "2023.03.19"]
[Round "7.3"]
[White "Hodl, Ingolf"]
[Black "Seiler, Dirk"]
[Result "1/2-1/2"]
[WhiteElo "1911"]
[BlackElo "2128"]
[PlyCount "68"]
[EventDate "2022.??.??"]
[EventType "team-tourn"]
[EventRounds "9"]
[EventCountry "GER"]
[WhiteTeam "SSC Rostock"]
[BlackTeam "Guestrow/Teterow"]
[WhiteTeamCountry "GER"]
[BlackTeamCountry "GER"]

1. e4 e6 2. d4 d5 3. Nd2 Nf6 4. e5 Nfd7 5. f4 c5 6. c3 Nc6 7. Ndf3 Qb6 8. Ne2 Be7 9. g3 f6 10. Bh3 f5 11. O-O Nf8 12. Kh1 Bd7 13. a4 c4 14. Be3 Na5 15. Nd2 Bc6 16. Qc2 Nd7 17. Rfb1 O-O 18. b4 cxb3 19. Nxb3 Nxb3 20. Qxb3 Qxb3 21. Rxb3 Nb6 22. a5 Nc4 23. Bc1 a6 24. Rbb1 Rfc8 25. Ra2 Kf7 26. Kg1 h6 27. g4 g6 28. Ng3 h5 29. g5 Bb5 30. Bf1 Rab8 31. h4 b6 32. axb6 Rxb6 33. Kf2 Rbc6 34. Be2 Bd8 1/2-1/2

[Event "VL-2022/23"]
[Site "MVP"]
[Date "2023.03.19"]
[Round "7.5"]
[White "Nour, Alaa"]
[Black "Gebert-Vangeel, Ralf"]
[Result "0-1"]
[WhiteElo "1774"]
[BlackElo "2017"]
[PlyCount "174"]
[EventDate "2022.??.??"]
[EventType "team-tourn"]
[EventRounds "9"]
[EventCountry "GER"]
[WhiteTeam "SSC Rostock"]
[BlackTeam "Guestrow/Teterow"]
[WhiteTeamCountry "GER"]
[BlackTeamCountry "GER"]

1. e4 e5 2. Nf3 Nc6 3. Bc4 Nf6 4. d3 Be7 5. Bg5 d6 6. c3 O-O 7. Bb3 Na5 8. Bc2 c5 9. Nbd2 Nc6 10. Nf1 Be6 11. Ne3 Qb6 12. b3 Rfe8 13. Nf5 Bxf5 14. exf5 Nd5 15. Bd2 Bf6 16. O-O e4 17. dxe4 Nxc3 18. Bxc3 Bxc3 19. Rc1 Nb4 20. Bb1 Bb2 21. Rc4 Rad8 22. a3 d5 23. exd5 Nxd5 24. Qc2 Bxa3 25. Rh4 Qf6 26. Qc4 b5 27. Qg4 Nc3 28. Ng5 h6 29. Ne4 Nxe4 30. Bxe4 Rd4 31. f3 Red8 32. g3 Rd1 33. Rxd1 Rxd1+ 34. Kg2 Bc1 35. Bb7 Rd4 36. f4 Rd2+ 37. Kh3 Qb2 38. Qf3 Rxh2+ 39. Kg4 Rxh4+ 40. Kxh4 Qf6+ 41. Kg4 h5+ 42. Kxh5 Qxf5+ 43. Kh4 Bb2 44. g4 Qf6+ 45. g5 Qe7 46. Ba6 Qe1+ 47. Qg3 Qa5 48. Bb7 Qc7 49. Qf3 Bc1 50. Kg4 Bxf4 51. Bd5 Qe5 52. Qxf4 Qxd5 53. Qb8+ Kh7 54. Qxb5 Qd4+ 55. Kf3 Kg6 56. Qa6+ Kxg5 57. Qxa7 Qe5 58. Qa5 f5 59. Qd8+ Kg6 60. Qb6+ Kh5 61. Qb5 g5 62. Qd7 g4+ 63. Kg2 Qe4+ 64. Kh2 Qc2+ 65. Kg1 Qc1+ 66. Kg2 Qc2+ 67. Kg1 Kh4 68. Qe7+ Kh3 69. Qe3+ g3 70. Qh6+ Kg4 71. Qg6+ Kf3 72. Qh5+ Ke4 73. Qh4+ Kd5 74. Qxg3 Qd1+ 75. Kf2 Qd4+ 76. Kf1 Qd1+ 77. Kf2 Qg4 78. Qc7 Qd4+ 79. Kf3 Qe4+ 80. Kf2 Kd4 81. Qg7+ Kd3 82. Qf7 f4 83. Qh5 Qd4+ 84. Kf1 Kc3 85. Qf5 Kd2 86. Qe6 Qd3+ 87. Kg2 Qe2+ 0-1

[Event "VL-2022/23"]
[Site "MVP"]
[Date "2023.03.19"]
[Round "7.6"]
[White "Scharf, Christian"]
[Black "Walz, Fabian"]
[Result "1-0"]
[WhiteElo "1336"]
[BlackElo "1342"]
[PlyCount "45"]
[EventDate "2022.??.??"]
[EventType "team-tourn"]
[EventRounds "9"]
[EventCountry "GER"]
[WhiteTeam "Guestrow/Teterow"]
[BlackTeam "SSC Rostock"]
[WhiteTeamCountry "GER"]
[BlackTeamCountry "GER"]

1. e4 c6 2. d4 d5 3. Nc3 dxe4 4. Nxe4 Nd7 5. Nf3 Ngf6 6. Nxf6+ Nxf6 7. c3 Bg4 8. h3 Bh5 9. g4 Bg6 10. Ne5 Nd7 11. Nxg6 hxg6 12. d5 Nb6 13. dxc6 Qxd1+ 14. Kxd1 O-O-O+ 15. Kc2 bxc6 16. Ba6+ Kd7 17. Bf4 f6 18. Rad1+ Ke8 19. Bd3 Kf7 20. Bxg6+ Kxg6 21. Rxd8 Nd5 22. Be3 a6 23. Rc8 1-0

[Event "VL-2022/23"]
[Site "MVP"]
[Date "2023.03.19"]
[Round "7.8"]
[White "Schott, Andy"]
[Black "Wurst, Oliver"]
[Result "1/2-1/2"]
[WhiteElo "1593"]
[BlackElo "1631"]
[PlyCount "65"]
[EventDate "2022.??.??"]
[EventType "team-tourn"]
[EventRounds "9"]
[EventCountry "GER"]
[WhiteTeam "Guestrow/Teterow"]
[BlackTeam "SSC Rostock"]
[WhiteTeamCountry "GER"]
[BlackTeamCountry "GER"]

1. c4 e6 2. g3 Nf6 3. Bg2 d5 4. Nf3 Be7 5. O-O O-O 6. b3 c6 7. Bb2 Nbd7 8. d3 b5 9. Nbd2 bxc4 10. bxc4 Rb8 11. Rb1 Qa5 12. Nd4 Bb7 13. Qc2 Rfc8 14. Bc3 Qa6 15. Rfc1 c5 16. N4b3 d4 17. Bxb7 Rxb7 18. Bb2 Rcb8 19. Ra1 Rb4 20. Rcb1 e5 21. Bc1 Qc8 22. Nf3 Bd8 23. Bd2 R4b7 24. Na5 Rxb1+ 25. Rxb1 Rxb1+ 26. Qxb1 Qa6 27. Qb7 Qxb7 28. Nxb7 Bc7 29. Ba5 Bb6 30. Bxb6 axb6 31. Nd6 h6 32. Nd2 Kf8 33. h3 1/2-1/2

[Event "VL-2022/23"]
[Site "MVP"]
[Date "2023.03.19"]
[Round "7.1"]
[White "Kist, Eike Andreas"]
[Black "Stoevesand, Eric"]
[Result "1/2-1/2"]
[WhiteElo "1763"]
[BlackElo "1910"]
[PlyCount "104"]
[EventDate "2022.??.??"]
[EventType "team-tourn"]
[EventRounds "9"]
[EventCountry "GER"]
[WhiteTeam "Think Rochade"]
[BlackTeam "SG Neubrandenburg"]
[WhiteTeamCountry "GER"]
[BlackTeamCountry "GER"]

1. e4 e5 2. Nf3 Nc6 3. Bc4 Bc5 4. c3 Nf6 5. d3 d6 6. a4 a6 7. O-O Ba7 8. Bb3 h6 9. Bc2 O-O 10. h3 Ne7 11. d4 Ng6 12. Be3 Re8 13. Nbd2 c6 14. Nc4 Be6 15. b3 Qc7 16. dxe5 Bxc4 17. exd6 Qa5 18. bxc4 Bxe3 19. fxe3 Qxc3 20. Qd3 Qxd3 21. Bxd3 c5 22. Rab1 Rad8 23. Rb6 Re6 24. e5 Nxe5 25. Nxe5 Rxe5 26. Rd1 Rxe3 27. Kf2 Re6 28. Bf5 Re5 29. Bb1 Rd7 30. Kf3 g6 31. Rd2 Ne8 32. Be4 Re6 33. Bxb7 Rf6+ 34. Ke2 Rfxd6 35. Rdxd6 Rxd6 36. Rxd6 Nxd6 37. Bxa6 Kf8 38. Bb5 Nb7 39. Kd3 Ke7 40. Bc6 Na5 41. Bd5 f5 42. Ke3 Kf6 43. g3 Ke5 44. h4 g5 45. hxg5 hxg5 46. Bg8 Nc6 47. Bd5 f4+ 48. gxf4+ gxf4+ 49. Kf3 Na5 50. Bg8 Nb3 51. Bd5 Na5 52. Bg8 Nb3 1/2-1/2

[Event "VL-2022/23"]
[Site "MVP"]
[Date "2023.03.19"]
[Round "7.2"]
[White "Stoevesand, Peter"]
[Black "Busch, Martin"]
[Result "0-1"]
[WhiteElo "1754"]
[BlackElo "2117"]
[PlyCount "64"]
[EventDate "2022.??.??"]
[EventType "team-tourn"]
[EventRounds "9"]
[EventCountry "GER"]
[WhiteTeam "SG Neubrandenburg"]
[BlackTeam "Think Rochade"]
[WhiteTeamCountry "GER"]
[BlackTeamCountry "GER"]

1. e4 c6 2. d4 d5 3. f3 Qb6 4. Nc3 e5 5. dxe5 Bc5 6. Na4 Qa5+ 7. c3 Bxg1 8. Rxg1 dxe4 9. f4 Ne7 10. b4 Qd5 11. Be3 Qxd1+ 12. Rxd1 Nd5 13. Kd2 O-O 14. Re1 Rd8 15. Kc2 b5 16. Nb2 a5 17. a3 axb4 18. axb4 Ra3 19. Bd4 Nxb4+ 20. cxb4 Rxd4 21. Be2 Na6 22. Rd1 Nxb4+ 23. Kb1 Rxd1+ 24. Rxd1 Nd5 25. Rd2 e3 26. Rd4 Bf5+ 27. Nd3 g5 28. Kb2 Rxd3 29. Bxd3 Bxd3 30. Kc1 Nxf4 31. Rd8+ Kg7 32. g3 e2 0-1

[Event "VL-2022/23"]
[Site "MVP"]
[Date "2023.03.19"]
[Round "7.3"]
[White "Celmer, Ole"]
[Black "Rossmann, Andreas"]
[Result "1/2-1/2"]
[WhiteElo "1930"]
[BlackElo "2073"]
[PlyCount "146"]
[EventDate "2022.??.??"]
[EventType "team-tourn"]
[EventRounds "9"]
[EventCountry "GER"]
[WhiteTeam "Think Rochade"]
[BlackTeam "SG Neubrandenburg"]
[WhiteTeamCountry "GER"]
[BlackTeamCountry "GER"]

1. e4 c5 2. c3 d5 3. exd5 Qxd5 4. d4 e6 5. Nf3 Nc6 6. Na3 Qd8 7. Bf4 a6 8. Nc2 Qb6 9. Be2 cxd4 10. Ncxd4 Nxd4 11. Nxd4 Nf6 12. O-O Nd5 13. Bg3 Bd7 14. Bf3 Bc6 15. Re1 Ne7 16. Bh5 g6 17. Be5 Rg8 18. Bf3 Bxf3 19. Nxf3 Rd8 20. Qa4+ Qc6 21. Qh4 h6 22. Nd4 Qd5 23. Qg4 h5 24. Qg3 Bg7 25. Bxg7 Rxg7 26. Re5 Qd6 27. Rxh5 gxh5 28. Qxg7 Qd5 29. h3 Ng6 30. Re1 Nf8 31. Nf3 Rd7 32. Ne5 Re7 33. Qh6 Qxa2 34. b4 a5 35. Qxh5 Rc7 36. Rd1 Qc2 37. bxa5 Qxc3 38. Qg5 Rc8 39. Qf4 Qc7 40. Qa4+ Ke7 41. Qb4+ Ke8 42. Ng4 f5 43. Ne3 Kf7 44. Rb1 Rb8 45. Nc4 Nd7 46. Nd6+ Kg6 47. Rb3 Qc1+ 48. Kh2 f4 49. Qe4+ Kf6 50. Rb4 Qd2 51. Qd4+ Qxd4 52. Rxd4 Ke7 53. Nc4 e5 54. Rd5 Ke6 55. Rb5 e4 56. g3 Rc8 57. Rb4 Kd5 58. Rxb7 Nc5 59. Nb6+ Kc6 60. Re7 fxg3+ 61. Kxg3 Rg8+ 62. Kf4 Rf8+ 63. Ke3 Rf3+ 64. Ke2 Rxh3 65. Rf7 Nb3 66. Nc4 Kc5 67. Ne5 Nd4+ 68. Kf1 e3 69. fxe3 Rxe3 70. a6 Ra3 71. a7 Ra1+ 72. Kf2 Ra2+ 73. Ke3 Nc6 1/2-1/2

[Event "VL-2022/23"]
[Site "MVP"]
[Date "2023.03.19"]
[Round "7.4"]
[White "Kunow, Frank"]
[Black "Gazizov, Max"]
[Result "1/2-1/2"]
[WhiteElo "1950"]
[BlackElo "1689"]
[PlyCount "121"]
[EventDate "2022.??.??"]
[EventType "team-tourn"]
[EventRounds "9"]
[EventCountry "GER"]
[WhiteTeam "SG Neubrandenburg"]
[BlackTeam "Think Rochade"]
[WhiteTeamCountry "GER"]
[BlackTeamCountry "GER"]

1. Nf3 Nf6 2. c4 g6 3. g3 Bg7 4. Bg2 O-O 5. O-O c5 6. d4 d6 7. Nc3 Bg4 8. dxc5 dxc5 9. Qb3 Qc8 10. Ne5 Nc6 11. Nxc6 bxc6 12. Bf4 Bh3 13. Qa3 Bxg2 14. Kxg2 Qf5 15. Rae1 Ne4 16. Nd1 Rfd8 17. Ne3 Qf6 18. f3 Nd2 19. Nd5 cxd5 20. Bxd2 Qxb2 21. Qxb2 Bxb2 22. Ba5 Rd6 23. Rb1 Bd4 24. cxd5 Rxd5 25. Rfd1 e6 26. Rb7 Rc8 27. e4 Rd6 28. Rxa7 c4 29. Rc7 Rxc7 30. Bxc7 Rc6 31. Rxd4 Rxc7 32. Rd2 Kf8 33. e5 c3 34. Rc2 Rb7 35. Rxc3 Rb2+ 36. Kh3 Rxa2 37. g4 Kg7 38. Kg3 Re2 39. Rc5 h5 40. gxh5 gxh5 41. h3 Kg6 42. Kf4 h4 43. Kg4 Rg2+ 44. Kxh4 Kf5 45. Rc4 Kxe5 46. Rg4 Ra2 47. Kg3 f5 48. Rb4 Ra8 49. h4 Rg8+ 50. Kh3 Rh8 51. Ra4 Rh7 52. Kg3 Rg7+ 53. Kh2 Rh7 54. Kh3 Rh8 55. f4+ Kf6 56. Ra7 Rh5 57. Ra8 Rh7 58. Rg8 Rh6 59. Rg5 e5 60. fxe5+ Kxe5 61. Rg8 1/2-1/2

[Event "VL-2022/23"]
[Site "MVP"]
[Date "2023.03.19"]
[Round "7.5"]
[White "Morosova, Svetlana"]
[Black "Hoerhold, Martin"]
[Result "0-1"]
[WhiteElo "1675"]
[BlackElo "1852"]
[PlyCount "96"]
[EventDate "2022.??.??"]
[EventType "team-tourn"]
[EventRounds "9"]
[EventCountry "GER"]
[WhiteTeam "Think Rochade"]
[BlackTeam "SG Neubrandenburg"]
[WhiteTeamCountry "GER"]
[BlackTeamCountry "GER"]

1. d4 Nf6 2. Bf4 e6 3. e3 d5 4. Nf3 Bd6 5. Ne5 O-O 6. Bd3 b6 7. Nd2 c5 8. c3 Qc7 9. Qf3 Bb7 10. Qh3 Nc6 11. Ndf3 Ne7 12. Ng5 Ng6 13. Nxe6 Nxf4 14. Bxh7+ Nxh7 15. exf4 Qc8 16. Nxf8 Qxh3 17. gxh3 Nxf8 18. O-O cxd4 19. cxd4 Ne6 20. Rfd1 Nxf4 21. h4 Rc8 22. Nf3 Rc2 23. Rd2 Rxd2 24. Nxd2 Ne2+ 25. Kg2 Nxd4 26. Rd1 Nf5 27. h5 Kh7 28. Kg1 Kh6 29. b3 Kxh5 30. b4 Bf4 31. Nf1 Kg5 32. Ng3 Nh4 33. h3 d4 34. Ne2 Nf3+ 35. Kf1 Ba6 36. a4 Bc4 37. a5 Be5 38. Rc1 Bb5 39. axb6 axb6 40. Rd1 d3 41. Ng3 Bxg3 42. fxg3 d2+ 43. Kf2 Ba4 44. Kxf3 Bxd1+ 45. Ke3 Bg4 46. h4+ Kf5 47. Kxd2 Ke4 48. Kc3 b5 0-1

[Event "VL-2022/23"]
[Site "MVP"]
[Date "2023.03.19"]
[Round "7.7"]
[White "Gazizova, Alina"]
[Black "Winkler, Karl"]
[Result "0-1"]
[WhiteElo "1529"]
[BlackElo "1895"]
[PlyCount "98"]
[EventDate "2022.??.??"]
[EventType "team-tourn"]
[EventRounds "9"]
[EventCountry "GER"]
[WhiteTeam "Think Rochade"]
[BlackTeam "SG Neubrandenburg"]
[WhiteTeamCountry "GER"]
[BlackTeamCountry "GER"]

1. d4 Nf6 2. Bf4 e6 3. e3 c5 4. c3 d5 5. Nf3 Nc6 6. Bd3 Be7 7. Nbd2 c4 8. Bc2 b5 9. Ne5 Nxe5 10. Bxe5 Bd6 11. O-O Bxe5 12. dxe5 Nd7 13. f4 Qe7 14. Kh1 Bb7 15. e4 Nc5 16. Qe2 dxe4 17. Nxe4 Bxe4 18. Bxe4 Nxe4 19. Qxe4 O-O 20. Rad1 Rad8 21. h3 Qc5 22. Rd4 Rxd4 23. cxd4 Qd5 24. Qxd5 exd5 25. Rf3 b4 26. Kg1 Rc8 27. Rf1 Kf8 28. Kf2 c3 29. bxc3 Rxc3 30. Rb1 a5 31. Rb2 Rd3 32. Rc2 Rxd4 33. g3 Rc4 34. Rd2 d4 35. Kf3 Rc3+ 36. Ke4 Rxg3 37. Rxd4 Rxh3 38. Rd8+ Ke7 39. Ra8 Ra3 40. Ra7+ Ke8 41. Ra8+ Kd7 42. Ra7+ Kc6 43. Rxf7 Rxa2 44. e6 b3 45. e7 Kd7 46. Rxg7 b2 47. e8=Q+ Kxe8 48. Rb7 Ra4+ 49. Kd3 Rb4 0-1

[Event "VL-2022/23"]
[Site "MVP"]
[Date "2023.03.19"]
[Round "7.3"]
[White "Schreiber, Nico"]
[Black "Schmidt, Paul"]
[Result "0-1"]
[WhiteElo "1831"]
[BlackElo "1844"]
[PlyCount "80"]
[EventDate "2022.??.??"]
[EventType "team-tourn"]
[EventRounds "9"]
[EventCountry "GER"]
[WhiteTeam "Mecklenburger Springer"]
[BlackTeam "SAV Torgelow II"]
[WhiteTeamCountry "GER"]
[BlackTeamCountry "GER"]

1. d4 Nf6 2. Bf4 d6 3. Nd2 Nbd7 4. e4 e5 5. dxe5 dxe5 6. Bg3 Bc5 7. h3 O-O 8. Bc4 b6 9. Qe2 Bb7 10. Bh4 a5 11. Ngf3 Qe7 12. Nh2 a4 13. a3 c6 14. c3 b5 15. Bd3 Rad8 16. O-O Bb6 17. Kh1 Nc5 18. Bc2 Bc8 19. f4 Qd6 20. Ndf3 Nd3 21. fxe5 Nxe5 22. Bg3 Nh5 23. Qe1 Nxf3 24. Rxf3 Nxg3+ 25. Rxg3 Bc7 26. Nf1 Qh6 27. Rf3 Bg4 28. Rf2 Bb6 29. Rd2 Rxd2 30. Qxd2 Qxd2 31. Nxd2 Be6 32. Nf3 {(=)} Rd8 33. g4 h5 34. Rd1 Rxd1+ 35. Bxd1 hxg4 36. Ne5 gxh3 37. Nxc6 g5 38. Be2 g4 39. Kh2 Bf2 40. Nd4 g3+ 0-1

[Event "VL-2022/23"]
[Site "MVP"]
[Date "2023.03.19"]
[Round "7.5"]
[White "Hopp, Peter"]
[Black "Bollnow, Alex"]
[Result "1/2-1/2"]
[WhiteElo "1831"]
[BlackElo "1659"]
[PlyCount "91"]
[EventDate "2022.??.??"]
[EventType "team-tourn"]
[EventRounds "9"]
[EventCountry "GER"]
[WhiteTeam "Mecklenburger Springer"]
[BlackTeam "SAV Torgelow II"]
[WhiteTeamCountry "GER"]
[BlackTeamCountry "GER"]

1. e4 c5 2. Nf3 Nc6 3. d4 cxd4 4. Nxd4 g6 5. Nc3 Bg7 6. Be3 Nf6 7. Be2 O-O 8. Qd2 d5 9. exd5 Nxd5 10. Nxd5 Qxd5 11. Bf3 Qd6 12. Nxc6 Qxd2+ 13. Bxd2 bxc6 14. O-O-O Rb8 15. b3 Bf5 16. Rhe1 Bf6 17. g4 Be6 18. g5 Bd4 19. Bf4 Rbd8 20. Re2 Bb2+ 21. Kxb2 Rxd1 22. Bxc6 Rc8 23. Bf3 Rd7 24. h4 Bf5 25. a4 Kf8 26. h5 Rc5 27. h6 Rd1 28. Be3 Rc7 29. Bf4 Rc5 30. Be3 Re5 31. Bxa7 Rxe2 32. Bxe2 Rd2 33. Bc4 Rxc2+ 34. Ka3 Be4 35. Be3 e6 36. a5 Ke7 37. a6 Kd6 38. Kb4 Ra2 39. a7 Kc7 40. Bb5 Bd5 41. Be8 Kd8 42. Ba4 Rc2 43. Kb5 Kc7 44. Ka5 Kb7 45. Kb4 Bc6 46. Bxc6+ 1/2-1/2

[Event "VL-2022/23"]
[Site "MVP"]
[Date "2023.04.23"]
[Round "8.1"]
[White "Schreiber, Felix"]
[Black "Lehmann, Ruben"]
[Result "1/2-1/2"]
[WhiteElo "1954"]
[BlackElo "1985"]
[PlyCount "99"]
[EventDate "2022.??.??"]
[EventType "team-tourn"]
[EventRounds "9"]
[EventCountry "GER"]
[WhiteTeam "Mecklenburger Springer"]
[BlackTeam "HSG Stralsund"]
[WhiteTeamCountry "GER"]
[BlackTeamCountry "GER"]

{[%evp 0,99,27,27,27,27,73,56,47,62,64,29,54,26,13,-18,2,-7,-10,-15,-22,-9,-14,-26,-12,-12,5,-26,-17,-23,11,24,59,72,72,72,72,72,78,79,105,60,60,57,61,63,86,78,137,87,118,123,139,161,142,122,172,173,203,184,211,215,218,167,180,151,163,141,141,135,146,141,144,144,143,134,139,158,159,168,188,184,188,195,199,201,203,200,195,195,195,186,195,193,193,193,193,193,193,193,193,193]} 1. d4 d5 2. Bf4 c5 3. e3 cxd4 4. exd4 Nc6 5. c3 f6 6. Nf3 g5 7. Be3 Bf5 8. c4 e6 9. cxd5 exd5 10. Nc3 Bb4 11. Rc1 Nge7 12. Bd3 Bg6 13. h4 g4 14. Ng1 h5 15. Nge2 Kf7 16. Nf4 Bxd3 17. Qxd3 Qd7 18. g3 Rad8 19. O-O Bxc3 20. Rxc3 Qf5 21. Qb5 Rd7 22. Nd3 a6 23. Qa4 b5 24. Qc2 Rc8 25. Rc1 Rdc7 26. Nf4 Qxc2 27. R1xc2 b4 28. Rc5 b3 29. axb3 Nb4 30. Rxc7 Nxc2 31. Rxc8 Nxc8 32. Nxd5 Nd6 33. Nf4 Nf5 34. Nxh5 Nfxd4 35. Bxd4 Nxd4 36. Nf4 Nxb3 37. Nd5 Nc5 38. b4 Nb7 39. f3 $2 (39. Kf1 $3 a5 40. bxa5 Nxa5 41. Ne3 $18) 39... gxf3 40. Kf2 a5 41. bxa5 Nxa5 42. Kxf3 Nc4 43. Kf4 Nd6 44. h5 Kg7 45. Kg4 Kf7 46. Ne3 Ne8 47. Nf5 Nc7 48. Nh6+ Kg7 49. Nf5+ Kf7 50. Nh6+ 1/2-1/2

[Event "VL-2022/23"]
[Site "MVP"]
[Date "2023.04.23"]
[Round "8.3"]
[White "Hopp, Peter"]
[Black "Mehl, Ronald"]
[Result "1/2-1/2"]
[WhiteElo "1831"]
[BlackElo "2099"]
[PlyCount "50"]
[EventDate "2022.??.??"]
[EventType "team-tourn"]
[EventRounds "9"]
[EventCountry "GER"]
[WhiteTeam "Mecklenburger Springer"]
[BlackTeam "HSG Stralsund"]
[WhiteTeamCountry "GER"]
[BlackTeamCountry "GER"]

1. e4 c5 2. Nf3 e6 3. d4 cxd4 4. Nxd4 a6 5. a3 Qc7 6. Nc3 Nf6 7. Be2 d6 8. Be3 Nbd7 9. O-O Be7 10. f4 b5 11. Bf3 Bb7 12. Qe2 O-O 13. Rad1 Rfe8 14. Nb3 Rac8 15. Rd3 d5 16. exd5 exd5 17. Bxd5 Nxd5 18. Nxd5 Qxc2 19. Qxc2 Rxc2 20. Nxe7+ Rxe7 21. Rf2 Rxf2 22. Kxf2 h5 23. Nc5 Nf6 24. h3 Bd5 25. Bd4 Ne4+ 1/2-1/2